| 000 | 00566nam a22001937a 4500 | ||
|---|---|---|---|
| 005 | 20251108164813.0 | ||
| 008 | 250721s1988 xx 000 0 ara d | ||
| 082 | 1 | 4 | _a370.9564/عبد |
| 100 | 1 | _aالقطشان، عبد الله عبد السلام | |
| 245 | 1 | 0 | _aالتعليم في فلسطين / |
| 264 | 1 |
_aعمان : _bدار الكرمل ، صامد، _c1988. |
|
| 300 | _aج | ||
| 490 | 0 | _aكتاب صامد ؛ 14 | |
| 650 | 1 | 7 | _aالتربية |
| 650 | 1 | 7 | _aفلسطين |
| 650 | 1 | 7 | _aتاريخ التربية |
| 942 |
_2ddc _cBK |
||
| 999 |
_c14743 _d14743 |
||